LEADER 01572nam a2200349 a 4500 001 000000124770 003 CaOOAMICUS 005 20110323095449.0 008 110323s2010 it u000 u ita r 040 $aPUL$bita 041 1 $aita$hlat 082 04$a103 100 1 $aAbaelardus, Petrus,$d1079-1142.$0(OLS)http://pul/name/7147 240 10$aDialogus inter philosophum iudaeum et christianum.$lItaliano.$0(OLS)http://pul/title/157296 245 10$aDialogo tra un filosofo, un giudeo e un cristiano /$cPietro Abelardo ; prefazione di Mariateresa Fumagalli Beonio Brocchieri. 260 $aMilano :$bR.C.S. Libri,$cİ2010. 300 $a137 p. ;$c19 cm 490 1 $aClassici del pensiero libero ;$v30 500 $aEd. speciale per Corriere della Sera. 650 4$aFilosofia cristiana.$0(OLS)http://pul/subject/972 700 1 $aFumagalli Beonio Brocchieri, Mariateresa,$d1933-$0(OLS)http://pul/name/2070 830 0$aClassici del pensiero libero ;$v30.$0(OLS)http://pul/title/155982 850 $aPUL 852 $aPUL$W1$xDP2 Filosofia 3$y112$m103 COLL 6.30$j143673$qDDC 21$B142684$CPULBib$Z2$F142684 $H116603 $82 900 $aPietro Abelardo,$d1079-1142$97147 900 $aAbelardo, Pietro,$d1079-1142$97147 900 $aPetrus Palatinus,$d1079-1142$97147 941 1 $a9 996 $6082$a103$9(OLS)http://pul/classification/621 996 $6245$aDialogo tra un filosofo, un giudeo e un cristiano$9(OLS)http://pul/title/157297 996 $6260$aMilano :$bR.C.S. Libri$9(OLS)http://pul/publisher/74600 LEADER 01357nam a2200325 a 4500 001 000000155262 003 CaOOAMICUS 005 20161019103326.0 008 161019s2016 it u000 u ita r 020 $a978-88-921-0432-7* 032 $aLibriCat 040 $aPUL$bita 082 04$a340.01 100 1 $aTuzet, Giovanni,$d1972-$0(OLS)http://pul/name/66423 245 10$aFilosofia della prova giuridica /$cGiovanni Tuzet. 250 $a2. ed. 260 $aTorino :$bGiappichelli,$cİ2016. 300 $aXIV, 314 p. ;$c23 cm. 490 1 $aRecta Ratio : testi e studi di filosofia del diritto. Sesta serie ;$v117 650 4$aFilosofia del diritto.$0(OLS)http://pul/subject/620 830 0$aRecta Ratio : testi e studi di filosofia del diritto.$nSesta serie ;$v117.$0(OLS)http://pul/title/151015 850 $aPUL 852 $aPUL$W1$xSL Diritto e Scienze Sociali 3$y79$m340. 01 COLL 1.117.2$j178323$qDDC 21$B181541$CPULBib$Z2$F181541 $H128223 $81 941 1 $a9 960 $aDiritto$xFilosofia$9620 996 $6020$a978-88-921-0432-7*$9(OLS)http://pul/number/161333 996 $6082$a340.01$9(OLS)http://pul/classification/2214 996 $6245$aFilosofia della prova giuridica$9(OLS)http://pul/title/172565 996 $6260$aTorino :$bGiappichelli$9(OLS)http://pul/publisher/48244